Nhập môn khoa học du lịch /

שמור ב:
מידע ביבליוגרפי
מחבר ראשי: Trần Đức Thanh
פורמט: Sách giấy
שפה:Vietnamese
יצא לאור: H. : Đai học Quốc gia Hà Nội, 2000
מהדורה:In lần thứ hai
נושאים:
תגים: הוספת תג
אין תגיות, היה/י הראשונ/ה לתייג את הרשומה!
Thư viện lưu trữ: Thư viện Trường Đại học Đà Lạt
LEADER 00753nam a2200301 4500
001 DLU030020380
003 ##DLU
005 ##20021230
008 ##021230t vn z000 vie d
040 # # |a DLU  |b vie 
041 # # |a vie 
044 # # |a vn 
082 # # |a 338.479 1  |b TR-T 
100 # # |a Trần Đức Thanh 
245 # # |a Nhập môn khoa học du lịch /  |c Trần Đức Thanh 
250 # # |a In lần thứ hai 
260 # # |a H. :  |b Đai học Quốc gia Hà Nội,  |c 2000 
300 # # |a 216 tr. ;  |c 21 cm. 
650 # # |a Du lịch  |v Giáo trình. 
992 # # |a 162000 
994 # # |a DLU 
900 # # |a True 
911 # # |a Phan Ngọc Đông 
925 # # |a G 
926 # # |a A 
927 # # |a SH 
980 # # |a Thư viện Trường Đại học Đà Lạt